书目信息 |
| 题名: |
CAD室内装饰设计施工图常用图块
|
|
| 作者: | 武峰 主编 | |
| 分册: | 2 | |
| 出版信息: | 北京 中国建筑工业出版社 2002.06 |
|
| 页数: | 300页 | |
| 开本: | 29cm | |
| 丛书名: | ||
| 单 册: | ||
| 中图分类: | TU204:TP , TU204.1-64 | |
| 科图分类: | ||
| 主题词: | 建筑设计 | |
| 电子资源: | ||
| ISBN: | 7-112-05020-0 | |
| 000 | 00633nam0 2200205 45 | |
| 001 | 0258437770 | |
| 005 | 20101027100805.25 | |
| 010 | @a7-112-05020-0@dCNY 120.00 | |
| 100 | @a20020604d2002 km y0chiy0120 ea | |
| 101 | 0 | @achi |
| 102 | @aCN@b110000 | |
| 200 | 1 | @aCAD室内装饰设计施工图常用图块@ACAD shi nei zhuang shi she ji shi gong tu chang yong tu kuai@h2@f武峰主编@FWu Feng Zhu Bian |
| 210 | @a北京@c中国建筑工业出版社@d2002.06 | |
| 215 | @a300页@d29cm | |
| 606 | 0 | @a建筑设计 |
| 690 | @aTU204:TP@v3 | |
| 690 | @aTU204.1-64@v4 | |
| 701 | 0 | @a武峰@AWu Feng@4主编 |
| 801 | 0 | @aCN@bPFT@c20101027 |
| 905 | @a10447@dTU204.1-64@eW955:2 | |
| CAD室内装饰设计施工图常用图块.2/武峰主编.-北京:中国建筑工业出版社,2002.06 |
| 300页;29cm |
| ISBN 7-112-05020-0:CNY 120.00 |
| ● |
| 相关链接 |
|
|
|
正题名:CAD室内装饰设计施工图常用图块
索取号:TU204.1-64/W955:2
 
预约/预借
| 序号 | 登录号 | 条形码 | 馆藏地/架位号 | 状态 | 备注 |
| 1 | 209751 | 202097514 | 建筑库101/101建筑库 37排3列1层/ [索取号:TU204.1-64/W955:2] | 在馆 | |
| 2 | 355033 | 203550335 | 建筑库101/101建筑库 111排2列5层/ [索取号:TU204.1-64/W955:2] | 在馆 | |
| 3 | 355034 | 203550344 | 建筑库101/101建筑库 111排1列5层/ [索取号:TU204.1-64/W955:2] | 在馆 | |
| 4 | 608077 | 206080774 | 自科二线404/404自科库 23排3列4层/ [索取号:TU204.1-64/W955:2] | 在馆 |